TV repair querstions and answers on front ends /
Đã lưu trong:
| Príomhúdar: | |
|---|---|
| Formáid: | Leabhar |
| Teanga: | Vietnamese |
| Foilsithe: |
American :
American Coucil on Education ,
1955
|
| Eagrán: | In lần thứ 1 |
| Ábhair: | |
| Clibeanna: |
Cuir Clib Leis
Gan Chlibeanna, Bí ar an gcéad duine leis an taifead seo a chlibeáil!
|
| Thư viện lưu trữ: | Thư viện Trường CĐ Kỹ Thuật Cao Thắng |
|---|
| LEADER | 00617nam a2200193 a 4500 | ||
|---|---|---|---|
| 001 | TVCDKTCT2133 | ||
| 003 | Thư viện trường Cao đẳng Kỹ thuật Cao Thắng | ||
| 005 | 20050815000000 | ||
| 008 | 050815 | ||
| 980 | \ | \ | |a Thư viện Trường CĐ Kỹ Thuật Cao Thắng |
| 024 | |a RG_1 #1 eb0 i1 | ||
| 041 | 0 | # | |a vie |
| 082 | # | # | |a 621.3 / |b S300D-t |
| 100 | 1 | # | |a Platt Sidney |
| 245 | 0 | 0 | |a TV repair querstions and answers on front ends / |c Platt Sidney |
| 250 | # | # | |a In lần thứ 1 |
| 260 | # | # | |a American : |b American Coucil on Education , |c 1955 |
| 300 | # | # | |a 122tr. ; |c 19cm |
| 650 | # | 4 | |a Viễn thông |